| 000 | 00934nam a2200277 i 4500 | ||
|---|---|---|---|
| 001 | 192148 | ||
| 003 | ES-MaACL | ||
| 005 | 20250824094045.0 | ||
| 008 | 221107s2021 sp | |||| 000 0 spa | ||
| 017 |
_aB 10745-2021 _bOficina Depósito Legal Barcelona |
||
| 020 | _a9788418006623 | ||
| 040 | _cES-MaACL | ||
| 080 | _a821.134.2-92"19" | ||
| 100 | 1 |
_aRoig, Montserrat. _999006 _eaut |
|
| 245 | 1 | 0 |
_aAlgo mejores : _bartículos (1966-1983) / _cMontserrat Roig ; [edición y prólogo de Betsabé García] |
| 250 | _a1ª edición | ||
| 260 |
_aBarcelona : _bDebate, _c2021. |
||
| 300 |
_a252 páginas ; _c23 cm. |
||
| 500 | _aApéndice documental | ||
| 655 | 4 |
_aArtículos _9175745 |
|
| 700 | 1 |
_aGarcía, Betsabé, _d1975- _eaui _9175746 |
|
| 852 | 4 |
_aES-MaACL _jN-8048 _9199430 _cDEPOJ _bR. 153173 _hDonación: Editorial |
|
| 942 |
_cMONOGRAFIA _n0 |
||
| 999 |
_c192148 _d192148 |
||